| 000 | 01543cam a22003374a 4500 | ||
|---|---|---|---|
| 001 | 15599615 | ||
| 003 | OSt | ||
| 005 | 20161205185435.0 | ||
| 008 | 090123s2009 stka bf 001 0 eng | ||
| 010 | _a 2009002990 | ||
| 015 |
_aGBA909934 _2bnb |
||
| 016 | 7 |
_a101494305 _2DNLM |
|
| 016 | 7 |
_a014894210 _2Uk |
|
| 020 | _a9780443102691 (pbk.) | ||
| 020 | _a0443102694 | ||
| 035 | _a(OCoLC)ocn300397002 | ||
| 040 |
_aDNLM/DLC _cDLC _dBTCTA _dNLM _dUKM _dC#P _dBWX _dYDXCP _dDLC |
||
| 042 | _apcc | ||
| 082 |
_aWB 541 _bG997p 2009 |
||
| 100 | 1 |
_aGlynn, Angela; Helen Fiddler. _910810 |
|
| 245 | 1 | 4 |
_aThe Physiotherapist's Pocket guide to exercise : _bassessment, prescription and training |
| 260 |
_aEdinburgh ; _bChurchill Livingstone _c2009. |
||
| 300 |
_aix, 218 p. : _bcol.ill ; _c19 cm. |
||
| 490 | 1 | _aPocketbook physiotherapy | |
| 504 | _aIncludes bibliographical references and index. | ||
| 505 | 0 | _aIntroduction to exercise physiology -- Principles of therapeutic exercise design -- Exercise to increase cardiovascular fitness -- Exercise to increase muscle strength -- Exercise to increase muscle endurance -- Exercise to improve power -- Exercise to increase range of movement and flexibility -- Prescription of home exercise programmes -- Group exercise -- Exercise through the life span -- Exercise in acute conditions -- Exercise in people with chronic conditions -- Case studies. | |
| 650 | 0 |
_aPhysiotherapy _910811 |
|
| 650 | 1 | 2 |
_aExercise _910812 |
| 906 |
_a7 _bcbc _corignew _d1 _eecip _f20 _gy-gencatlg |
||
| 942 |
_2z _cO_SHELF |
||
| 999 |
_c5043 _d5043 |
||